Logo BPK

Biblioteka

Politechniki Koszalińskiej

Pomiary lotnych związków organicznych rezystancyjnymi czujnikami gazów / (Rekord nr 52680)

Szczegóły MARC
000 -ETYKIETA REKORDU
podpole kontrolne o stałej długości 00634nam a2200217 i 4500
001 - NUMER KONTROLNY REKORDU
pole kontrolne bg
020 ## - MIĘDZYNARODOWY ZNORMALIZOWANY NUMER KSIĄŻKI - ISBN
ISBN 837085981X
040 ## - ŹRÓDŁO KATALOGOWANIA
Instytucja, która utworzyła rekord BPK
041 0# - KOD JĘZYKA
Kod języka tekstu pol
080 ## - UNIWERSALNA KLASYFIKACJA DZIESIĘTNA - UKD
UKD 621.317.7:547-13
920 ## - Międzynarodowy znormalizowany numer książki – ISBN
ISBN 83-7085-981-X
008 - POLE O STAŁEJ DŁUGOŚCI - DANE KONTROLNE
podpole kontrolne o stałej długości s pl f |000 0 pol
100 1# - NAZWA OSOBOWA
Nazwa osobowa SZCZUREK, Andrzej
245 10 - TYTUŁ/ODPOWIEDZIALNOŚĆ
Tytuł Pomiary lotnych związków organicznych rezystancyjnymi czujnikami gazów /
Pozostałe elementy strefy tytułu i oznaczenia odpowiedzialności Andrzej Szczurek.
260 ## - STREFA ADRESU WYDAWNICZEGO
Miejsce wydania Wrocław :
Nazwa wydawcy/dystrybutora Oficyna Wydawnicza Politechniki Wrocławskiej,
Data publikacji, dystrybucji/powstania dokumentu 2006.
300 ## - STREFA OPISU FIZYCZNEGO
Objętość 298 s. :
Inne cechy fizyczne fot., rys., wykr. ;
Rozmiary 24 cm.
504 ## - UWAGA DOTYCZĄCA BIBLIOGRAFII
Informacje o bibliografii Bibliogr.
650 #9 - HASŁO PRZEDMIOTOWE W FORMIE NAZWY OGÓLNEJ LUB JEDNOSTKOWEJ
Nazwa ogólna lub geograficzna Czujniki
650 #9 - HASŁO PRZEDMIOTOWE W FORMIE NAZWY OGÓLNEJ LUB JEDNOSTKOWEJ
Nazwa ogólna lub geograficzna Gazy
Określnik ogólny pomiary
856 ## - LOKALIZACJA I DOSTĘP DO ELEKTRONICZNYCH DOKUMENTÓW ZDALNYCH
Link (URL) http://koha.tu.koszalin.pl/cgi-bin/koha/opac-detail.pl?biblionumber=52680
Tekst linku Katalog online BPK
942 ## - DODATKOWE ELEMENTY (KOHA)
Typ dokumentu Książka
Egzemplarze
Wycofany Status egzemplarza Uszkodzony Dostępność Lokalizacja stała Lokalizacja bieżąca Miejsce przechowywania Sygnatura Kod kreskowy Dział Typ dokumentu
      Tylko na miejscu Biblioteka Politechniki Koszalińskiej Biblioteka Politechniki Koszalińskiej Czytelnia BG 81477 02344997 621.317 Technika pomiarów elektrycznych Książka
© 2023 Biblioteka Politechniki Koszalińskiej :: KOHA